Técnica bacteriológica y parasitológica / (Record no. 100893)

MARC details
000 -LEADER
campo de control de longitud fija 00479nam a2200157 i 4500
001 - NÚMERO DE CONTROL
campo de control 100893
003 - IDENTIFICADOR DE NÚMERO DE CONTROL
campo de control ES-MaACL
007 - CAMPO FIJO DE DESCRIPCIÓN FÍSICA--INFORMACIÓN GENERAL
campo de control de longitud fija t|
008 - DATOS DE LONGITUD FIJA--INFORMACIÓN GENERAL
campo de control de longitud fija 051006s1946 sp ||||1| spa d
100 1# - ENTRADA PRINCIPAL--NOMBRE DE PERSONA
Nombre de persona Matilla, Valentín.
9 (RLIN) 79075
245 10 - MENCIÓN DEL TÍTULO
Título Técnica bacteriológica y parasitológica /
Mención de responsabilidad, etc. V. Matilla y José Mª de la Lastra.
260 ## - PUBLICACIÓN, DISTRIBUCIÓN, ETC.
Lugar de publicación, distribución, etc. Madrid :
Nombre del editor, distribuidor, etc. Estades,
Fecha de publicación, distribución, etc. 1946.
300 ## - DESCRIPCIÓN FÍSICA
Extensión 480 p. ;
Dimensiones 22 cm.
700 1# - ENTRADA AGREGADA--NOMBRE PERSONAL
Nombre de persona Lastra, José María de la.
9 (RLIN) 70497
852 ## - LOCALIZACIÓN
Ubicación ES-MaACL
Número de control de estantería E-425
Sublocalización o colección R.22103
Holdings
Estatus retirado Estado de pérdida Estado de daño No para préstamo Biblioteca de origen Biblioteca actual Ubicación en estantería Fecha de adquisición Fuente de adquisición Total de préstamos Signatura topográfica completa Código de barras Visto por última vez Precio de reemplazo Tipo de ítem Koha
        Biblioteca del Ateneo de Madrid Biblioteca del Ateneo de Madrid Depósito 2 17/01/2008     E-425 1105342 23/02/2023 23/02/2023 Libro impreso